| 000 | 01450cac a22003731a 4500 | ||
|---|---|---|---|
| 999 |
_c8731 _d8731 |
||
| 003 | EG-ScBUE | ||
| 005 | 20200109093341.0 | ||
| 008 | 190725t2008 maua f bd 001 0 eng d | ||
| 020 | _a9780618920099 (for orders, use student's text ISBNs) | ||
| 020 | _a0618920099 (for orders, use student's text ISBNs) | ||
| 040 |
_aEG-ScBUE _beng _erda _cEG-ScBUE _dEG-ScBUE |
||
| 082 | 0 | 4 |
_a808.0427 _bFEN _222 |
| 100 | 1 |
_aFeng-Checkett, Gayle, _eauthor. |
|
| 245 | 1 | 4 |
_aThe write start with readings : _bparagraphs to essays / _cGayle Feng-Checkett, st. Charles Community College, Lawrence Checkett, st. Charles Community College. |
| 250 | _aThird edition. | ||
| 264 | 1 |
_aBoston ; _aNew York : _bHoughton Mifflin Company, _c[2008] |
|
| 264 | 4 | _cc 2008 | |
| 300 |
_axxix, 498 pages : _bcolor illustrations ; _c28 cm |
||
| 336 |
_2rdacontent _atext _btxt |
||
| 337 |
_2rdamedia _aunmediated _bn |
||
| 338 |
_2rdacarrier _avolume _bnc |
||
| 500 | _aIncludes glossary. | ||
| 500 | _a Distributer: Bacca | ||
| 504 | _aIncludes bibliographical references and index. | ||
| 590 | _aMarwa Ashraf | ||
| 650 | 7 |
_aEnglish language _xRhetoric. _2BUEsh |
|
| 650 | 7 |
_aCollege readers. _2BUEsh |
|
| 650 | 7 |
_aReport writing. _2BUEsh |
|
| 653 |
_bHHUUEENN _cJuly2019 |
||
| 655 | _vReading book | ||
| 700 | 1 |
_aCheckett, Lawrence, _eauthor. |
|
| 856 | 4 | 1 |
_3Table of contents only _uhttp://www.loc.gov/catdir/toc/ecip072/2006033144.html |
| 942 |
_cBB _k808.0427FEN _2ddc |
||